| Tag |
First Indicator |
Second Indicator |
Subfields |
| LEADER |
00000cam a2200000 a 4500 |
| 001 |
in00000091649 |
| 005 |
20150923131712.0 |
| 008 |
801017s1980 nyua 00000 engm |
| 010 |
|
|
|a 80025730
|
| 035 |
|
|
|a (OCoLC)06915393
|
| 035 |
|
|
|9 AAK6980AM
|
| 040 |
|
|
|a DLC
|c DLC
|d m.c.
|d OCL
|d TXA
|d UtOrBLW
|
| 049 |
|
|
|a TXAM
|c [1806024]
|
| 050 |
0 |
0 |
|a HQ1381
|b .F67 1980
|
| 082 |
0 |
|
|a 305.4/2
|2 19
|
| 110 |
2 |
|
|a Ford Foundation.
|
| 245 |
1 |
0 |
|a Women in the world.
|
| 264 |
|
1 |
|a New York, N.Y. :
|b Ford Foundation,
|c 1980.
|
| 300 |
|
|
|a 36 pages :
|b illustrations ;
|c 23 cm.
|
| 336 |
|
|
|a text
|b txt
|2 rdacontent
|
| 337 |
|
|
|a unmediated
|b n
|2 rdamedia
|
| 338 |
|
|
|a volume
|b nc
|2 rdacarrier
|
| 490 |
1 |
|
|a A Ford Foundation position paper
|
| 500 |
|
|
|a Cover title.
|
| 650 |
|
0 |
|a Women's rights.
|
| 650 |
|
0 |
|a Sex discrimination against women.
|
| 650 |
|
0 |
|a Discrimination in employment.
|
| 650 |
|
0 |
|a Women
|x Economic conditions.
|
| 830 |
|
0 |
|a Ford Foundation position paper.
|
| 999 |
|
|
|a MARS
|
| 999 |
f |
f |
|s 3f7cd956-8fbf-355a-ba4c-92efb05c3c2a
|i 8188c8bc-f7e5-3887-bd5a-33c62bd9670c
|t 0
|
| 952 |
f |
f |
|p ric
|a Texas A&M University
|b Rellis Campus
|c Joint Library Facility
|d Remote Storage
|t 0
|e HQ1381 .F67 1980
|h Library of Congress classification
|i unmediated -- volume
|m A14806019509
|
| 998 |
f |
f |
|a HQ1381 .F67 1980
|t 0
|l Remote Storage
|